000 00566nam a2200217Ia 4500
003 OSt
005 20220928143845.0
006 a|||||r|||| 00| 0
007 ta
008 220927b |||||||| |||| 00| 0 eng d
024 _a23242
037 _cTextual
040 _aSDCL
_cSDCL
_beng
041 _2eng
_aeng
082 _aW94.73'M9, L1
100 _aNagel Paul C
_9506154
245 0 _aThis sacred trust
_b American nationality 1798-1898
260 _c1971
942 _hW94.73'M9, L1
_cTEXL
_2CC
999 _c825188
_d825188